00481nam a2200157Ia 4500003000400000008004100004040001600045082001800061100001800079245010200097260004100199300001000240650001900250650002700269650002700296GCL140319s9999 xx 000 0 eng d aGCL / cGCL04a303.4833bF I1 aFIST, STEWART10aTHE INFORMATICS HANDBOOK: A GUIDE TO MULTIMEDIA COMMUNICATIONS AND BROADCASTING / cFIST, STEWART a[S.N] : bCHAPMAN AND HALL ، c1996 a746 P04aCOMMUNICATIONS04aINFORMATION TECHNOLOGY04aINFORMATION - HANDBOOK